ARRUPE JESUIT UNIVERSITY

CORONAVIRUS -STOP THE SPREAD - CLEAN,DISINFECT,COVER

Tragedy in Algeria. (Record no. 119199)

MARC details
000 -LEADER
fixed length control field 00802cam a22002891 4500
001 - CONTROL NUMBER
control field 7964656
003 - CONTROL NUMBER IDENTIFIER
control field ARRUPE
005 - DATE AND TIME OF LATEST TRANSACTION
control field 20131211143153.0
008 - FIXED-LENGTH DATA ELEMENTS--GENERAL INFORMATION
fixed length control field 780320s1961 enk b 000 0 eng
010 ## - LIBRARY OF CONGRESS CONTROL NUMBER
LC control number 61019181
015 ## - NATIONAL BIBLIOGRAPHY NUMBER
National bibliography number GB61-11573
035 ## - SYSTEM CONTROL NUMBER
System control number (OCoLC)3732264
040 ## - CATALOGING SOURCE
Original cataloging agency DLC
Transcribing agency MiRochOU
Modifying agency Uk
-- DLC
042 ## - AUTHENTICATION CODE
Authentication code premarc
043 ## - GEOGRAPHIC AREA CODE
Geographic area code f-ae---
050 00 - LIBRARY OF CONGRESS CALL NUMBER
Classification number SPC DT295
Item number .M36
082 ## - DEWEY DECIMAL CLASSIFICATION NUMBER
Classification number 965.04
300 ## - PHYSICAL DESCRIPTION
Dimensions 19 cm.
100 1# - MAIN ENTRY--PERSONAL NAME
Personal name Mansell, Gerard.
9 (RLIN) 5493
245 10 - TITLE STATEMENT
Title Tragedy in Algeria.
260 ## - PUBLICATION, DISTRIBUTION, ETC. (IMPRINT)
Place of publication, distribution, etc London,
-- New York,
Name of publisher, distributor, etc Oxford University Press,
Date of publication, distribution, etc 1961.
300 ## - PHYSICAL DESCRIPTION
Extent 76 p.
504 ## - BIBLIOGRAPHY, ETC. NOTE
Bibliography, etc Includes bibliography.
650 #0 - SUBJECT ADDED ENTRY--TOPICAL TERM
Topical term or geographic name as entry element Nationalism
Geographic subdivision Algeria.
9 (RLIN) 5494
651 #0 - SUBJECT ADDED ENTRY--GEOGRAPHIC NAME
Geographic name Algeria
General subdivision History
Chronological subdivision 1945-1962.
9 (RLIN) 5495
906 ## - LOCAL DATA ELEMENT F, LDF (RLIN)
a 7
b cbc
c oclcrpl
d u
e ncip
f 19
g y-gencatlg
942 ## - ADDED ENTRY ELEMENTS (KOHA)
Source of classification or shelving scheme Library of Congress Classification
Koha item type REFERENCE
Holdings
Withdrawn status Lost status Source of classification or shelving scheme Damaged status Not for loan Home library Current library Shelving location Date acquired Total Checkouts Full call number Barcode Date last seen Price effective from Koha item type
    Library of Congress Classification     ARRUPE LIBRARY ARRUPE LIBRARY Main Collection 11/12/2013   SPC DT295 .M36 464123146 11/12/2013 11/12/2013 REFERENCE

 

Arrupe Library. PO Box MP320 Mt Pleasant, Harare, Zimbabwe
263 242 745411|librarian@aju.ac.zw